000 00536nam a2200217Ia 4500
008 101110s9999 xx 000 0 und d
041 _aMARATHI
082 _bJR4935
100 _aGarud B.D., Nimbalkar S.B.& etc.
245 _aManasshatra Std.XI Arts
260 _c2006
_bNirali Prakashan, Pune
300 _a232
365 _b52
520 _aPsychology
546 _aMARATHI
630 _aManasshatra Std.XI Arts
650 _aPsychology
655 _aPsychology
730 _aManasshatra Std.XI Arts
942 _cBOOK
999 _c795743
_d795740